[Event "POL-chT3 Pomorskie"]
[Site "Poland"]
[Date "2007.04.15"]
[Round "?"]
[White "Kirszenstein, Anna"]
[Black "Tyda, Agata"]
[Result "1-0"]
[WhiteElo "1100"]
[BlackElo "1600"]
[PlyCount "95"]
[EventDate "2007.03.25"]
[EventType "team-tourn"]
[EventRounds "10"]
[EventCountry "POL"]
[SourceTitle "EXT 2019"]
[Source "ChessBase"]
[SourceDate "2018.10.10"]
[SourceVersion "1"]
[SourceVersionDate "2018.10.10"]
[SourceQuality "1"]

1. e4 e5 2. d3 Bc5 3. Qe2 Nc6 4. c3 Nge7 5. Be3 Bb6 6. Nf3 0-0 7. g3 d5 8. Bxb6 axb6 9. Bg2 Bg4 10. 0-0 Qd7 11. Nbd2 Rad8 12. Rad1 Ng6 13. Rfe1 Nce7 14. Qf1 f6 15. h3 Be6 16. d4 dxe4 17. Nxe4 exd4 18. Rxd4 Qc8 19. a3 Nc6 20. Rxd8 Rxd8 21. h4 Qd7 22. Qe2 Bg4 23. Qc4+ Kf8 24. Ned2 Nge5 25. Qe4 Nxf3+ 26. Nxf3 Re8 27. Qxh7 Rxe1+ 28. Nxe1 Qd1 29. Qe4 Be2 30. Bf1 Qxe1 31. Qxe2 Qxe2 32. Bxe2 Ke7 33. Kg2 Kd6 34. f4 Kd5 35. Kf3 Na5 36. g4 Nc4 37. Bxc4+ Kxc4 38. Ke4 Kb3 39. g5 fxg5 40. fxg5 Kxb2 41. h5 Kxc3 42. h6 gxh6 43. gxh6 c5 44. h7 c4 45. h8Q+ Kb3 46. Qh3+ Ka4 47. Qc3 b5 48. Qb4# 1-0